[Event "NED-ch U20"]
[Site "Assen"]
[Date "2018.05.01"]
[Round "3"]
[White "Van Baar, Esper"]
[Black "Jongste, David"]
[Result "1-0"]
[WhiteElo "2237"]
[BlackElo "2092"]
[PlyCount "77"]
[EventDate "2018.04.29"]
[EventType "swiss"]
[EventRounds "7"]
[EventCountry "NED"]
[SourceTitle "CBM 184 Extra"]
[Source "ChessBase"]
[SourceDate "2018.06.28"]
[SourceVersion "1"]
[SourceVersionDate "2018.06.28"]
[SourceQuality "1"]

1. e4 c5 2. Nf3 e6 3. d4 cxd4 4. Nxd4 a6 5. Nc3 Qc7 6. Bd3 Nc6 7. Be3 Nf6 8. 0-0 b5 9. Qe2 Bb7 10. a3 Rc8 11. f4 Nxd4 12. Bxd4 Bc5 13. Bxc5 Qxc5+ 14. Kh1 d5 15. exd5 Nxd5 16. Nxd5 Qxd5 17. f5 e5 18. Rad1 f6 19. Rf3 0-0 20. Re3 Rfd8 21. Ra1 Qd4 22. c3 Qd7 23. h3 Rc5 24. Bc2 Qd2 25. Rd1 Bxg2+ 26. Kh2 Rcd5 27. Rxd2 Rxd2 28. Bb3+ Kh8 29. Qe1 Bf3+ 30. Kg3 e4 31. c4 g5 32. fxg6 hxg6 33. Kf4 Kg7 34. cxb5 axb5 35. Rc3 Re8 36. Qxd2 Re5 37. Rc7+ Kh6 38. Qd8 Rf5+ 39. Ke3 1-0

[Event "NED-ch U16 op"]
[Site "Borne"]
[Date "2013.08.09"]
[Round "8"]
[White "Mikeler, Marcel"]
[Black "Jongste, David"]
[Result "1/2-1/2"]
[WhiteElo "1729"]
[BlackElo "1820"]
[PlyCount "58"]
[EventDate "2013.08.05"]
[EventType "swiss"]
[EventRounds "9"]
[EventCountry "NED"]
[SourceTitle "EXT 2015"]
[Source "ChessBase"]
[SourceDate "2014.11.20"]
[SourceVersion "1"]
[SourceVersionDate "2014.11.20"]
[SourceQuality "1"]

1. d4 Nf6 2. Nf3 e6 3. c4 b6 4. Nc3 Bb7 5. Bg5 Bb4 6. Rc1 0-0 7. e3 h6 8. Bh4 g5 9. Nxg5 hxg5 10. Bxg5 Be7 11. Bd3 Re8 12. h4 d6 13. Rh3 Bf8 14. Rg3 Kh8 15. Bxf6+ Qxf6 16. Qh5+ Bh6 17. d5 exd5 18. Rf3 Re5 19. Qxf7 Qxf7 20. Rxf7 Rh5 21. Nb5 Na6 22. Nxc7 Nxc7 23. Rxc7 Ba6 24. g3 d4 25. Rh7+ Kg8 26. exd4 Rxh4 27. gxh4 Bxc1 28. b3 Bb2 29. d5 b5 1/2-1/2

[Event "NED-ch U16 op"]
[Site "Borne"]
[Date "2013.08.06"]
[Round "3"]
[White "Van Bruxvoort, Xadya"]
[Black "Jongste, David"]
[Result "0-1"]
[WhiteElo "1597"]
[BlackElo "1820"]
[PlyCount "56"]
[EventDate "2013.08.05"]
[EventType "swiss"]
[EventRounds "9"]
[EventCountry "NED"]
[SourceTitle "EXT 2015"]
[Source "ChessBase"]
[SourceDate "2014.11.20"]
[SourceVersion "1"]
[SourceVersionDate "2014.11.20"]
[SourceQuality "1"]

1. e4 c5 2. Nf3 a6 3. d4 cxd4 4. Nxd4 e5 5. Nb3 Nf6 6. Nc3 Bb4 7. f3 d5 8. exd5 Nxd5 9. Bd2 Nxc3 10. Bxc3 Bxc3+ 11. bxc3 Qc7 12. Qd2 0-0 13. Bd3 Be6 14. 0-0 Nd7 15. c4 Rac8 16. Rfe1 Rfd8 17. Qb4 b6 18. Nd2 Nc5 19. Qa3 Qd6 20. Rad1 Nxd3 21. Qxd6 Rxd6 22. cxd3 Rxd3 23. Ne4 Bxc4 24. Rc1 b5 25. Nf2 Rd5 26. Rc3 Rcd8 27. Rce3 f6 28. Ra3 b4 0-1

[Event "NED-ch U16 op"]
[Site "Borne"]
[Date "2013.08.05"]
[Round "1"]
[White "Vermeulen, Dewi"]
[Black "Jongste, David"]
[Result "0-1"]
[WhiteElo "1406"]
[BlackElo "1820"]
[PlyCount "58"]
[EventDate "2013.08.05"]
[EventType "swiss"]
[EventRounds "9"]
[EventCountry "NED"]
[SourceTitle "EXT 2015"]
[Source "ChessBase"]
[SourceDate "2014.11.20"]
[SourceVersion "1"]
[SourceVersionDate "2014.11.20"]
[SourceQuality "1"]

1. e4 c5 2. Nf3 a6 3. d4 cxd4 4. Nxd4 e5 5. Nb3 Nf6 6. f3 d5 7. exd5 Qxd5 8. Bd2 Be7 9. Nc3 Qd8 10. Bd3 0-0 11. 0-0 Nc6 12. a3 Be6 13. f4 Bxb3 14. Qe2 Bc5+ 15. Kh1 Be6 16. fxe5 Nd4 17. Qe1 Nh5 18. Qd1 Qh4 19. Be1 Qg5 20. Bd2 Qg4 21. Qxg4 Bxg4 22. Ne4 Ba7 23. h3 Bf5 24. Be1 Bxe4 25. Bxe4 g6 26. Bb4 Ng3+ 27. Kh2 Nxe4 28. Bxf8 Rxf8 29. c3 Ne6 0-1

[Event "Delft Prinsenstad op-C"]
[Site "Delft"]
[Date "2012.04.08"]
[Round "6"]
[White "Geene, Joris"]
[Black "Jongste, David"]
[Result "1/2-1/2"]
[WhiteElo "1582"]
[BlackElo "1414"]
[PlyCount "52"]
[EventDate "2012.04.06"]
[EventType "swiss"]
[EventRounds "6"]
[EventCountry "NED"]
[SourceTitle "EXT 2013"]
[Source "ChessBase"]
[SourceDate "2012.11.22"]
[SourceVersion "1"]
[SourceVersionDate "2012.11.22"]
[SourceQuality "1"]

1. e4 c5 2. Nf3 d6 3. d4 cxd4 4. c3 dxc3 5. Nxc3 Nf6 6. Bc4 e6 7. Qe2 Nc6 8. 0-0 Be7 9. Rd1 Qc7 10. Nb5 Qb8 11. Bf4 e5 12. Bxf7+ Kxf7 13. Qc4+ Kf8 14. Ng5 Nd8 15. Bxe5 h6 16. Nxd6 hxg5 17. Nf7 Be6 18. Nxh8 Qxe5 19. Ng6+ Kg8 20. Nxe5 Bxc4 21. Nxc4 Nc6 22. e5 Ng4 23. Rd7 Bc5 24. e6 Nxf2 25. Rf1 Rf8 26. Rf7 Ng4+ 1/2-1/2

[Event "Delft Prinsenstad op-C"]
[Site "Delft"]
[Date "2012.04.07"]
[Round "4"]
[White "Jongste, David"]
[Black "De Kraker, Lena"]
[Result "1-0"]
[WhiteElo "1414"]
[BlackElo "995"]
[PlyCount "99"]
[EventDate "2012.04.06"]
[EventType "swiss"]
[EventRounds "6"]
[EventCountry "NED"]
[SourceTitle "EXT 2013"]
[Source "ChessBase"]
[SourceDate "2012.11.22"]
[SourceVersion "1"]
[SourceVersionDate "2012.11.22"]
[SourceQuality "1"]

1. e4 e5 2. Nf3 Nc6 3. Bb5 Bc5 4. 0-0 d6 5. h3 Nge7 6. c3 0-0 7. d4 exd4 8. cxd4 Bb6 9. Nc3 a6 10. Ba4 Bd7 11. Bc2 Nb4 12. Bb3 Ng6 13. Re1 Re8 14. Ng5 Re7 15. Qh5 h6 16. Qxg6 hxg5 17. Bxg5 Bxd4 18. Bxe7 Qxe7 19. Qg3 Be5 20. Qf3 Rf8 21. Rac1 Nc6 22. Nd5 Qd8 23. Qe2 Nd4 24. Qd3 c6 25. Nc3 g6 26. Ne2 Nb5 27. Qd2 Kg7 28. Red1 Qh4 29. f4 Bf6 30. e5 Be7 31. a4 Na7 32. Qc3 Rh8 33. e6+ Bf6 34. Qg3 Qh5 35. Nd4 fxe6 36. Nxe6+ Bxe6 37. Bxe6 d5 38. Bg4 Qh6 39. Qe3 Nc8 40. Bxc8 Rxc8 41. Rxd5 Bxb2 42. Rd7+ Kh8 43. Re1 Qf8 44. Rxb7 Bf6 45. Qe6 Bd4+ 46. Kh1 c5 47. Qg4 Qd8 48. Qxg6 Qh4 49. Re8+ Rxe8 50. Qxe8# 1-0